000 00287nam a22001337a 4500
008 180307b xxu||||| |||| 00| 0 eng d
020 _a9780073048628
041 _aeng
080 _25th
_a54
100 _a12
101 _aKIM
245 _aChemistry
_cSilbergerg,M,S
942 _2udc
_cBK
999 _c44245
_d44245